<?xml version="1.0" encoding="UTF-8"?>
<collection xmlns="http://www.loc.gov/MARC21/slim">
 <record>
  <leader>05889nas a22007811  4500</leader>
  <controlfield tag="001">1/50343</controlfield>
  <controlfield tag="008">040506c19839999enkqrzp       0   a0eng d</controlfield>
  <datafield tag="022" ind1=" " ind2=" ">
   <subfield code="a">0264-2069</subfield>
  </datafield>
  <datafield tag="035" ind1=" " ind2=" ">
   <subfield code="l">24101</subfield>
  </datafield>
  <datafield tag="040" ind1=" " ind2=" ">
   <subfield code="a">DLC</subfield>
   <subfield code="b">GR-PeUP</subfield>
  </datafield>
  <datafield tag="090" ind1=" " ind2=" ">
   <subfield code="a">Αλφαβητική σειρά</subfield>
  </datafield>
  <datafield tag="245" ind1="0" ind2="4">
   <subfield code="a">The Service industries journal</subfield>
  </datafield>
  <datafield tag="260" ind1=" " ind2=" ">
   <subfield code="a">London :</subfield>
   <subfield code="b">Frank Cass,</subfield>
   <subfield code="c">1983-</subfield>
  </datafield>
  <datafield tag="300" ind1=" " ind2=" ">
   <subfield code="a">v. ;</subfield>
   <subfield code="c">22 cm.</subfield>
  </datafield>
  <datafield tag="310" ind1=" " ind2=" ">
   <subfield code="a">Quarterly</subfield>
  </datafield>
  <datafield tag="362" ind1="0" ind2=" ">
   <subfield code="a">Vol.18, no.1(Jan. 1998)-v.19, no.4(Oct. 1999)</subfield>
  </datafield>
  <datafield tag="362" ind1="0" ind2=" ">
   <subfield code="a">Vol.22, no.1(Jan. 2002)-</subfield>
  </datafield>
  <datafield tag="535" ind1="0" ind2=" ">
   <subfield code="a">Κλειστό Βιβλιοστάσιο.</subfield>
  </datafield>
  <datafield tag="546" ind1=" " ind2=" ">
   <subfield code="a">English</subfield>
  </datafield>
  <datafield tag="650" ind1=" " ind2="4">
   <subfield code="a">Service industries</subfield>
   <subfield code="z">Great Britain</subfield>
   <subfield code="v">Periodicals.</subfield>
  </datafield>
  <datafield tag="650" ind1=" " ind2="4">
   <subfield code="a">Service industries</subfield>
   <subfield code="v">Periodicals.</subfield>
  </datafield>
  <datafield tag="852" ind1=" " ind2=" ">
   <subfield code="a">INST</subfield>
   <subfield code="b">UNIPILB</subfield>
   <subfield code="c">SERIALS</subfield>
   <subfield code="e">20050217</subfield>
   <subfield code="h">Αλφαβητική σειρά</subfield>
   <subfield code="p">40276</subfield>
   <subfield code="q">40276</subfield>
   <subfield code="t">NOLOAN</subfield>
   <subfield code="v">vol.22;no.4:(Μήνας)October;(Έτος)2002</subfield>
   <subfield code="y">23</subfield>
  </datafield>
  <datafield tag="852" ind1=" " ind2=" ">
   <subfield code="a">INST</subfield>
   <subfield code="b">UNIPILB</subfield>
   <subfield code="c">SERIALS</subfield>
   <subfield code="e">20050217</subfield>
   <subfield code="h">Αλφαβητική σειρά</subfield>
   <subfield code="p">40277</subfield>
   <subfield code="q">40277</subfield>
   <subfield code="t">NOLOAN</subfield>
   <subfield code="v">vol.22;no.3:(Μήνας)July;(Έτος)2002</subfield>
   <subfield code="y">23</subfield>
  </datafield>
  <datafield tag="852" ind1=" " ind2=" ">
   <subfield code="a">INST</subfield>
   <subfield code="b">UNIPILB</subfield>
   <subfield code="c">SERIALS</subfield>
   <subfield code="e">20050217</subfield>
   <subfield code="h">Αλφαβητική σειρά</subfield>
   <subfield code="p">40284</subfield>
   <subfield code="q">40284</subfield>
   <subfield code="t">NOLOAN</subfield>
   <subfield code="v">vol.23;no.1:(Μήνας)January;(Έτος)2003</subfield>
   <subfield code="y">23</subfield>
  </datafield>
  <datafield tag="852" ind1=" " ind2=" ">
   <subfield code="a">INST</subfield>
   <subfield code="b">UNIPILB</subfield>
   <subfield code="c">SERIALS</subfield>
   <subfield code="e">20050217</subfield>
   <subfield code="h">Αλφαβητική σειρά</subfield>
   <subfield code="p">40285</subfield>
   <subfield code="q">40285</subfield>
   <subfield code="t">NOLOAN</subfield>
   <subfield code="v">vol.23;no.2:(Μήνας)March;(Έτος)2003</subfield>
   <subfield code="y">23</subfield>
  </datafield>
  <datafield tag="852" ind1=" " ind2=" ">
   <subfield code="a">INST</subfield>
   <subfield code="b">UNIPILB</subfield>
   <subfield code="c">SERIALS</subfield>
   <subfield code="e">20050217</subfield>
   <subfield code="h">Αλφαβητική σειρά</subfield>
   <subfield code="p">40286</subfield>
   <subfield code="q">40286</subfield>
   <subfield code="t">NOLOAN</subfield>
   <subfield code="v">vol.23;no.3:(Μήνας)May;(Έτος)2003</subfield>
   <subfield code="y">23</subfield>
  </datafield>
  <datafield tag="852" ind1=" " ind2=" ">
   <subfield code="a">INST</subfield>
   <subfield code="b">UNIPILB</subfield>
   <subfield code="c">SERIALS</subfield>
   <subfield code="e">20050217</subfield>
   <subfield code="h">Αλφαβητική σειρά</subfield>
   <subfield code="p">40287</subfield>
   <subfield code="q">40287</subfield>
   <subfield code="t">NOLOAN</subfield>
   <subfield code="v">vol.23;no.4:(Μήνας)September;(Έτος)2003</subfield>
   <subfield code="y">23</subfield>
  </datafield>
  <datafield tag="852" ind1=" " ind2=" ">
   <subfield code="a">INST</subfield>
   <subfield code="b">UNIPILB</subfield>
   <subfield code="c">SERIALS</subfield>
   <subfield code="e">20050315</subfield>
   <subfield code="h">Αλφαβητική σειρά</subfield>
   <subfield code="p">41314</subfield>
   <subfield code="q">41314</subfield>
   <subfield code="t">NOLOAN</subfield>
   <subfield code="v">vol.22;no.1:(Μήνας)January;(Έτος)2002</subfield>
   <subfield code="y">23</subfield>
  </datafield>
  <datafield tag="852" ind1=" " ind2=" ">
   <subfield code="a">INST</subfield>
   <subfield code="b">UNIPILB</subfield>
   <subfield code="c">SERIALS</subfield>
   <subfield code="e">20050315</subfield>
   <subfield code="h">Αλφαβητική σειρά</subfield>
   <subfield code="p">41315</subfield>
   <subfield code="q">41315</subfield>
   <subfield code="t">NOLOAN</subfield>
   <subfield code="v">vol.22;no.2:(Μήνας)March;(Έτος)2002</subfield>
   <subfield code="y">23</subfield>
  </datafield>
  <datafield tag="852" ind1=" " ind2=" ">
   <subfield code="a">INST</subfield>
   <subfield code="b">UNIPILB</subfield>
   <subfield code="c">SERIALS</subfield>
   <subfield code="e">20050321</subfield>
   <subfield code="h">Αλφαβητική σειρά</subfield>
   <subfield code="p">41523</subfield>
   <subfield code="q">41523</subfield>
   <subfield code="t">NOLOAN</subfield>
   <subfield code="v">vol.23;no.5:(Μήνας)November;(Έτος)2003</subfield>
   <subfield code="y">23</subfield>
  </datafield>
  <datafield tag="852" ind1=" " ind2=" ">
   <subfield code="a">INST</subfield>
   <subfield code="b">UNIPILB</subfield>
   <subfield code="c">SERIALS</subfield>
   <subfield code="e">20070905</subfield>
   <subfield code="h">Αλφαβητική σειρά</subfield>
   <subfield code="p">56718</subfield>
   <subfield code="q">56718</subfield>
   <subfield code="t">NOLOAN</subfield>
   <subfield code="v">vol.26;no.1:(Μήνας)January;(Έτος)2006</subfield>
   <subfield code="y">23</subfield>
  </datafield>
  <datafield tag="852" ind1=" " ind2=" ">
   <subfield code="a">INST</subfield>
   <subfield code="b">UNIPILB</subfield>
   <subfield code="c">SERIALS</subfield>
   <subfield code="e">20070905</subfield>
   <subfield code="h">Αλφαβητική σειρά</subfield>
   <subfield code="p">56719</subfield>
   <subfield code="q">56719</subfield>
   <subfield code="t">NOLOAN</subfield>
   <subfield code="v">vol.26;no.2:(Μήνας)March;(Έτος)2006</subfield>
   <subfield code="y">23</subfield>
  </datafield>
  <datafield tag="852" ind1=" " ind2=" ">
   <subfield code="a">INST</subfield>
   <subfield code="b">UNIPILB</subfield>
   <subfield code="c">SERIALS</subfield>
   <subfield code="e">20070905</subfield>
   <subfield code="h">Αλφαβητική σειρά</subfield>
   <subfield code="p">56720</subfield>
   <subfield code="q">56720</subfield>
   <subfield code="t">NOLOAN</subfield>
   <subfield code="v">vol.26;no.3:(Μήνας)April;(Έτος)2006</subfield>
   <subfield code="y">23</subfield>
  </datafield>
  <datafield tag="852" ind1=" " ind2=" ">
   <subfield code="a">INST</subfield>
   <subfield code="b">UNIPILB</subfield>
   <subfield code="c">SERIALS</subfield>
   <subfield code="e">20070905</subfield>
   <subfield code="h">Αλφαβητική σειρά</subfield>
   <subfield code="p">56721</subfield>
   <subfield code="q">56721</subfield>
   <subfield code="t">NOLOAN</subfield>
   <subfield code="v">vol.26;no.4:(Μήνας)June;(Έτος)2006</subfield>
   <subfield code="y">23</subfield>
  </datafield>
  <datafield tag="852" ind1=" " ind2=" ">
   <subfield code="a">INST</subfield>
   <subfield code="b">UNIPILB</subfield>
   <subfield code="c">SERIALS</subfield>
   <subfield code="e">20070905</subfield>
   <subfield code="h">Αλφαβητική σειρά</subfield>
   <subfield code="p">56722</subfield>
   <subfield code="q">56722</subfield>
   <subfield code="t">NOLOAN</subfield>
   <subfield code="v">vol.26;no.5:(Μήνας)July;(Έτος)2006</subfield>
   <subfield code="y">23</subfield>
  </datafield>
  <datafield tag="852" ind1=" " ind2=" ">
   <subfield code="a">INST</subfield>
   <subfield code="b">UNIPILB</subfield>
   <subfield code="c">SERIALS</subfield>
   <subfield code="e">20070905</subfield>
   <subfield code="h">Αλφαβητική σειρά</subfield>
   <subfield code="p">56723</subfield>
   <subfield code="q">56723</subfield>
   <subfield code="t">NOLOAN</subfield>
   <subfield code="v">vol.26;no.6:(Μήνας)September;(Έτος)2006</subfield>
   <subfield code="y">23</subfield>
  </datafield>
  <datafield tag="852" ind1=" " ind2=" ">
   <subfield code="a">INST</subfield>
   <subfield code="b">UNIPILB</subfield>
   <subfield code="c">SERIALS</subfield>
   <subfield code="e">20070905</subfield>
   <subfield code="h">Αλφαβητική σειρά</subfield>
   <subfield code="p">56724</subfield>
   <subfield code="q">56724</subfield>
   <subfield code="t">NOLOAN</subfield>
   <subfield code="v">vol.26;no.7:(Μήνας)October;(Έτος)2006</subfield>
   <subfield code="y">23</subfield>
  </datafield>
  <datafield tag="852" ind1=" " ind2=" ">
   <subfield code="a">INST</subfield>
   <subfield code="b">UNIPILB</subfield>
   <subfield code="c">SERIALS</subfield>
   <subfield code="e">20070905</subfield>
   <subfield code="h">Αλφαβητική σειρά</subfield>
   <subfield code="p">56725</subfield>
   <subfield code="q">56725</subfield>
   <subfield code="t">NOLOAN</subfield>
   <subfield code="v">vol.26;no.8:(Μήνας)December;(Έτος)2006</subfield>
   <subfield code="y">23</subfield>
  </datafield>
  <datafield tag="852" ind1=" " ind2=" ">
   <subfield code="a">INST</subfield>
   <subfield code="b">UNIPILB</subfield>
   <subfield code="c">SERIALS</subfield>
   <subfield code="e">20071019</subfield>
   <subfield code="h">Αλφαβητική σειρά</subfield>
   <subfield code="p">57659</subfield>
   <subfield code="q">57659</subfield>
   <subfield code="t">NOLOAN</subfield>
   <subfield code="v">vol.27;no.3-4:(Μήνες)Apr.-Jun.;(Έτος)2007</subfield>
   <subfield code="y">23</subfield>
  </datafield>
  <datafield tag="852" ind1=" " ind2=" ">
   <subfield code="a">INST</subfield>
   <subfield code="b">UNIPILB</subfield>
   <subfield code="c">SERIALS</subfield>
   <subfield code="e">20071022</subfield>
   <subfield code="h">Αλφαβητική σειρά</subfield>
   <subfield code="p">57771</subfield>
   <subfield code="q">57771</subfield>
   <subfield code="t">NOLOAN</subfield>
   <subfield code="v">vol.27;no.1-2:(Μήνες)Jan.-Mar.;(Έτος)2007</subfield>
   <subfield code="y">23</subfield>
  </datafield>
  <datafield tag="852" ind1=" " ind2=" ">
   <subfield code="a">INST</subfield>
   <subfield code="b">UNIPILB</subfield>
   <subfield code="c">SERIALS</subfield>
   <subfield code="e">20071022</subfield>
   <subfield code="h">Αλφαβητική σειρά</subfield>
   <subfield code="p">57788</subfield>
   <subfield code="q">57788</subfield>
   <subfield code="t">NOLOAN</subfield>
   <subfield code="v">vol.27;no.5-6:(Μήνες)Jul.-Sept.;(Έτος)2007</subfield>
   <subfield code="y">23</subfield>
  </datafield>
  <datafield tag="852" ind1=" " ind2=" ">
   <subfield code="a">INST</subfield>
   <subfield code="b">UNIPILB</subfield>
   <subfield code="c">SERIALS</subfield>
   <subfield code="e">20080108</subfield>
   <subfield code="h">Αλφαβητική σειρά</subfield>
   <subfield code="p">59320</subfield>
   <subfield code="q">59320</subfield>
   <subfield code="t">NOLOAN</subfield>
   <subfield code="v">vol.27;no.7-8:(Μήνες)Oct.-Dec.;(Έτος)2007</subfield>
   <subfield code="y">23</subfield>
  </datafield>
  <datafield tag="856" ind1="4" ind2="1">
   <subfield code="u">http://www.tandfonline.com/loi/fsij20#.VaiTDflp2dE</subfield>
  </datafield>
  <datafield tag="900" ind1=" " ind2=" ">
   <subfield code="a">Vol. 28 no. 3-4 (December 2007)</subfield>
   <subfield code="b">Οφειλόμενο</subfield>
   <subfield code="c">25/08/2009</subfield>
  </datafield>
  <datafield tag="900" ind1=" " ind2=" ">
   <subfield code="a">Vol. 22 no. 5 (September 2002)</subfield>
   <subfield code="b">Οφειλόμενο</subfield>
   <subfield code="c">18/02/2005</subfield>
  </datafield>
  <datafield tag="900" ind1=" " ind2=" ">
   <subfield code="a">Vol. 22 no. 6 (November 2002)</subfield>
   <subfield code="b">Οφειλόμενο</subfield>
   <subfield code="c">18/02/2005</subfield>
  </datafield>
  <datafield tag="900" ind1=" " ind2=" ">
   <subfield code="a">Vol. 24 no. 1 (January 2004)</subfield>
   <subfield code="b">Οφειλόμενο</subfield>
   <subfield code="c">20/08/2006</subfield>
  </datafield>
  <datafield tag="900" ind1=" " ind2=" ">
   <subfield code="a">Vol. 24 no. 2 (March 2004)</subfield>
   <subfield code="b">Οφειλόμενο</subfield>
   <subfield code="c">04/09/2007</subfield>
  </datafield>
  <datafield tag="900" ind1=" " ind2=" ">
   <subfield code="a">Vol. 24 no. 3 (May 2004)</subfield>
   <subfield code="b">Οφειλόμενο</subfield>
   <subfield code="c">04/09/2007</subfield>
  </datafield>
  <datafield tag="900" ind1=" " ind2=" ">
   <subfield code="a">Vol. 24 no. 4 (July 2004)</subfield>
   <subfield code="b">Οφειλόμενο</subfield>
   <subfield code="c">04/09/2007</subfield>
  </datafield>
  <datafield tag="900" ind1=" " ind2=" ">
   <subfield code="a">Vol. 24 no. 5 (September 2004)</subfield>
   <subfield code="b">Οφειλόμενο</subfield>
   <subfield code="c">04/09/2007</subfield>
  </datafield>
  <datafield tag="900" ind1=" " ind2=" ">
   <subfield code="a">Vol. 24 no. 6 (November 2004)</subfield>
   <subfield code="b">Οφειλόμενο</subfield>
   <subfield code="c">04/09/2007</subfield>
  </datafield>
  <datafield tag="900" ind1=" " ind2=" ">
   <subfield code="a">Vol. 25 no. 1 (January 2005)</subfield>
   <subfield code="b">Οφειλόμενο</subfield>
   <subfield code="c">04/09/2007</subfield>
  </datafield>
  <datafield tag="900" ind1=" " ind2=" ">
   <subfield code="a">Vol. 25 no. 2 (March 2005)</subfield>
   <subfield code="b">Οφειλόμενο</subfield>
   <subfield code="c">04/09/2007</subfield>
  </datafield>
  <datafield tag="900" ind1=" " ind2=" ">
   <subfield code="a">Vol. 25 no. 3 (May 2005)</subfield>
   <subfield code="b">Οφειλόμενο</subfield>
   <subfield code="c">04/09/2007</subfield>
  </datafield>
  <datafield tag="900" ind1=" " ind2=" ">
   <subfield code="a">Vol. 25 no. 4 (July 2005)</subfield>
   <subfield code="b">Οφειλόμενο</subfield>
   <subfield code="c">16/10/2007</subfield>
  </datafield>
  <datafield tag="900" ind1=" " ind2=" ">
   <subfield code="a">Vol. 25 no. 5 (September 2005)</subfield>
   <subfield code="b">Οφειλόμενο</subfield>
   <subfield code="c">17/12/2007</subfield>
  </datafield>
  <datafield tag="900" ind1=" " ind2=" ">
   <subfield code="a">Vol. 25 no. 6 (November 2005)</subfield>
   <subfield code="b">Οφειλόμενο</subfield>
   <subfield code="c">19/02/2008</subfield>
  </datafield>
  <datafield tag="950" ind1=" " ind2=" ">
   <subfield code="a">01/01/2002</subfield>
   <subfield code="c">SWETS INFORMATION SERVICES</subfield>
   <subfield code="d">290</subfield>
  </datafield>
  <datafield tag="951" ind1=" " ind2=" ">
   <subfield code="a">Vol. 27 no. 7-8  (Oct.-Dec. 2007)</subfield>
   <subfield code="b">Main run</subfield>
  </datafield>
  <datafield tag="951" ind1=" " ind2=" ">
   <subfield code="a">Vol.18, no.1(Jan. 1998) -  (v.19, no.4(Oct. 1999)</subfield>
   <subfield code="b">Main run</subfield>
  </datafield>
  <datafield tag="951" ind1=" " ind2=" ">
   <subfield code="a">Vol. 22 no. 1 (January 2002) - Vol. 22 no. 3 (July 2002)</subfield>
   <subfield code="b">Main run</subfield>
  </datafield>
  <datafield tag="951" ind1=" " ind2=" ">
   <subfield code="a">Vol. 22 no. 4 (October 2002)</subfield>
   <subfield code="b">Main run</subfield>
  </datafield>
  <datafield tag="951" ind1=" " ind2=" ">
   <subfield code="a">Vol. 23 no. 1 (January 2003) - Vol. 23 no. 5 (November 2003)</subfield>
   <subfield code="b">Main run</subfield>
  </datafield>
  <datafield tag="951" ind1=" " ind2=" ">
   <subfield code="a">Vol. 26 no. 1 (January 2006) - Vol. 26 no. 8 (December 2006)</subfield>
   <subfield code="b">Main run</subfield>
  </datafield>
  <datafield tag="951" ind1=" " ind2=" ">
   <subfield code="a">Vol. 27 no. 1-2  (Jan.-Mar. 2007)</subfield>
   <subfield code="b">Main run</subfield>
  </datafield>
  <datafield tag="951" ind1=" " ind2=" ">
   <subfield code="a">Vol. 27 no. 3-4  (Apr.-Jun. 2007)</subfield>
   <subfield code="b">Main run</subfield>
  </datafield>
  <datafield tag="951" ind1=" " ind2=" ">
   <subfield code="a">Vol. 27 no. 5-6  (Jul.-Sept. 2007)</subfield>
   <subfield code="b">Main run</subfield>
  </datafield>
 </record>
</collection>
